|
|
|
|
| LEADER |
00000cam a2200000 a 4500 |
| 001 |
vtls001104809 |
| 003 |
SK-MaSNL |
| 005 |
20260301104322.0 |
| 008 |
240315s1977 xo 00000 fre |
| 015 |
|
|
|a SNBA1977
|
| 020 |
|
|
|c 10 Kčs. (3900 výtl.)
|
| 035 |
|
|
|a SNK000047651
|
| 040 |
|
|
|a SNK
|b slo
|c SNK
|e AACR2
|
| 041 |
0 |
|
|a fre
|
| 044 |
|
|
|a xo
|c SK
|
| 080 |
|
|
|a 804.0(075.3)
|2 1981
|
| 080 |
|
|
|a 373.5/.6
|2 1981
|
| 100 |
1 |
|
|a Hobzová-Bártová, Ludmila
|4 aut
|9 442873
|
| 245 |
1 |
0 |
|a Francúzština pre 2. ročník stredných škôl
|c Ludmila Hobzová-Bártová, Stanislav Lyer, Anna Kellenbergerová, Milada Marešová
|
| 250 |
|
|
|a 3. vyd.
|
| 260 |
|
|
|a Bratislava
|b Slovenské pedagogické nakladateľstvo
|c 1977
|
| 300 |
|
|
|a 236 s., 12,12 AH
|b Tb. Fot. Mp. Noty.
|c 21 cm
|
| 500 |
|
|
|a Franc.-slov. a slov.-franc. slovník.
|
| 650 |
0 |
7 |
|a francúzština
|2 SNKPH
|9 1355
|
| 655 |
|
7 |
|a učebnice stredných škôl
|2 SNKPH
|9 69323
|
| 700 |
1 |
|
|a Lyer, Stanislav,
|d 1900-1971
|4 aut
|9 349206
|
| 700 |
1 |
|
|a Kellenbergerová, Anna
|4 trl
|9 442874
|
| 700 |
1 |
|
|a Marešová, Milada,
|d 1901-1987
|4 bkd
|9 208421
|
| 958 |
|
|
|a OND
|
| 958 |
|
|
|a UC
|
| 958 |
|
|
|a TL
|
| 958 |
|
|
|a OP
|
| 999 |
|
|
|c 697802
|d 699732
|
| 952 |
|
|
|t P60, <04>, [BOOK], {604}
|a SNK
|b SNK
|y VYP
|7 0
|p 17A0126226
|o snkSC 40604 D1
|0 0
|1 0
|4 0
|d 1998-03-04
|l 0
|r 2004-12-31 00:00:00
|w 2026-02-23
|
| 952 |
|
|
|a SNK
|b SNK
|y PREZ
|7 0
|p 17A1000045
|o snkSC 40604
|0 0
|1 0
|4 0
|d 2013-08-16
|l 0
|r 2025-10-15 00:00:00
|w 2026-02-23
|